Five Biggest Cities by Region #2 (Medium) - Statistics

General Stats
  • This quiz has been taken 530 times
  • The average score is 54 of 75
Answer Stats
Hint Answer % Correct
3,971,883 Los Angeles
96%
8,555,500 Mexico City
96%
11,034,555 Delhi
95%
12,442,373 Mumbai
94%
666,759 Oslo
94%
2,244,000 Paris
94%
864,816 San Francisco
94%
935,619 Stockholm
93%
5,188,286 Riyadh
92%
3,670,999 Berlin
91%
942,438 Guatemala City
91%
8,673,713 London
91%
9,272,750 Tokyo
91%
1,280,371 Copenhagen
90%
2,401,067 Dubai
90%
1,500,800 Guadalajara
90%
3,141,991 Madrid
90%
430,299 Panama City
90%
122,198 Reykjavík
90%
1,394,928 San Diego
90%
3,087,000 Hanoi
89%
6,584,000 Ho Chi Minh City
89%
1,026,908 San Jose
89%
396,955 Zürich
89%
5,696,409 Bangkok
88%
2,691,185 Osaka
88%
1,867,960 Vienna
88%
1,239,220 Calgary
86%
932,546 Edmonton
86%
198,072 Geneva
86%
8,048,430 Lagos
85%
2,870,336 Rome
85%
3,359,818 Casablanca
84%
3,430,697 Jeddah
84%
1,534,731 Mecca
84%
2,364,230 Algiers
83%
2,646,503 Dakar
81%
556,640 Gothenburg
79%
1,056,247 Tunis
79%
8,443,675 Bengaluru
78%
6,970,105 Dhaka
78%
328,494 Malmö
78%
1,563,025 Phoenix
77%
1,707,531 Sana'a
77%
9,339,023 Karachi
76%
1,030,926 Managua
76%
2,295,638 Nagoya
75%
996,658 Tegucigalpa
75%
2,220,000 Tripoli
74%
705,224 Winnipeg
74%
1,952,356 Sapporo
72%
4,395,243 Abidjan
70%
1,112,072 Fès
69%
4,728,524 Yangon
68%
283,856 Graz
67%
3,724,844 Yokohama
67%
1,696,923 Tijuana
65%
1,305,792 Kuala Lumpur
61%
2,828,861 Kano
60%
215,206 Regina
58%
203,006 Linz
57%
364,125 Port Moresby
57%
1,498,300 Puebla
56%
233,222 Saskatoon
55%
173,137 Suva
46%
2,559,853 Ibadan
43%
598,519 San Pedro Sula
31%
1,742,000 Ecatepec de Morelos
22%
16,225 Keflavík
22%
18,235 Akureyri
21%
179,509 Nouméa
12%
35,242 Kópavogur
11%
233,859 Jayapura
9%
28,698 Hafnarfjörður
7%
305,984 Ambon
3%
No matching quizzes found
Score Distribution
Percent of People with Each Score
Percentile by Number Answered
Your Score History
You have not taken this quiz